00889ntm a22002177a 450000500170000000800410001704000280005808200170008610000360010324500940013926000100023330000380024350001820028159000110046365000390047465300230051365500090053694200080054599900170055395201010057020170810124621.0170802s2011 xx a frb 000 0 eng d aEG-ScBUEbengcEG-ScBUE04222a624bANA1 aAnaim, Seraj Abdul razak Kamal.10aSmart pattern identification for structural systems /cby Seraj Abdul razzak Kamal Anaim. c2011. av, 44 p. :bill. (col.) ;c28 cm. aA dissertation submitted to the faculty of engineering. the British university in Egypt, in partial fulfillment of the requirements for the bachelor degree in civil engineering. akarima 72BUEshaCivil EngineeringvProjects bENGCIVcAugust2017 vSPRO 2ddc c25286d25258 00102ddc4070aMAINbMAINc2NDd2017-08-08l0o624 ANAp000046384r2025-07-15 00:00:00yPROJST